Gaming Quiz

Random Gaming or Pokémon Quiz
Score 0/22 Timer 02:00
6 Plays Today
Letter Sample Pokémon % Correct
BButterfree, Blastoise, Beedrill ...
92.2%
CCharmeleon, Chansey, Caterpie ...
91.8%
AArcanine, Aerodactyl, Arbok ...
90.3%
PPidgey, Persian, Parasect ...
82.7%
MMuk, Magikarp, Machoke ...
82.1%
GGolbat, Gloom, Gastly ...
80.8%
EExeggcute, Electrode, Eevee ...
80.4%
DDragonair, Ditto, Dewgong ...
80.2%
JJigglypuff, Jolteon, Jynx
76.7%
SSeel, Squirtle, Sandslash ...
75.2%
VVictreebel, Venusaur, Vaporeon ...
72%
Letter Sample Pokémon % Correct
KKakuna, Kadabra, Kabuto ...
70.3%
FFarfetch'd, Fearow, Flareon
69.8%
ZZapdos, Zubat
68.3%
RRhyhorn, Rattata, Raichu
67.7%
WWartortle, Weezing, Weepinbell ...
63.9%
HHorsea, Hypno, Hitmonchan...
63.8%
OOddish, Omastar, Onix...
63.4%
NNinetales, Nidorino, Nidoqueen ...
56%
LLapras, Lickitung
53.5%
TTangela, Tentacool, Tauros ...
48.3%
IIvysaur
44.6%
Remove Ads.
Support Sporcle.
Get the best of Sporcle when you Go Orange. This ad-free experience offers more features, more stats, and more fun while also helping to support Sporcle. Thank you for becoming a member.

You're not logged in!

Compare scores with friends on all Sporcle quizzes.
OR
Log In

Show Comments

Extras

Top Quizzes Today


Score Distribution

Your Account Isn't Verified!

In order to create a playlist on Sporcle, you need to verify the email address you used during registration. Go to your Sporcle Settings to finish the process.

Report this User

Report this user for behavior that violates our Community Guidelines.

Details: